Retroviral insertion and oncogene activation /

Bibliographic Details
Other Authors: Kung, H. J. (Hsing-Jien), Vogt, P. K. (Peter K.), 1932-
Format: Book
Language:English
Published: Berlin ; New York : Springer-Verlag, [1991]
Series:Current topics in microbiology and immunology ; 171.
Subjects:

MARC

Tag First Indicator Second Indicator Subfields
LEADER 00000cam a2200000 a 4500
001 in00004477613
005 20191202143500.0
008 920107s1991 gw a b 001 0 eng d
010 |a  15012910  
020 |a 3540538577 (Berlin) 
020 |z 0387535877 (New York) 
035 |a (OCoLC)25058798 
035 |9 AAE7799MS 
035 |z (UtOrBLW)15934 
035 |a 27183 
040 |a IHS  |c IHS  |d DAY  |d MCS  |d AGL  |d TMV  |d UtOrBLW 
049 |a TMVM  |c 1 
070 0 |a QR1.C8  |b no.171 
072 0 |a X380 
096 |a QW 504  |b C976 v.171 1991 
245 0 0 |a Retroviral insertion and oncogene activation /  |c edited by H.J. Kung and P.K. Vogt. 
264 1 |a Berlin ;  |a New York :  |b Springer-Verlag,  |c [1991] 
264 4 |c ©1991 
300 |a vi, 179 pages :  |b illustrations ;  |c 24 cm. 
336 |a text  |2 rdacontent  |b txt 
337 |a unmediated  |2 rdamedia 
338 |a volume  |2 rdacarrier  |b nc 
490 1 |a Current topics in microbiology and immunology ;  |v 171 
504 |a Includes bibliographical references and index. 
505 0 |a Retroviral mutagenesis of cellular oncogenes: a review with insights into the mechanisms of insertional activation -- Mutagenesis of the mouse germline using retroviruses -- Insertional mutagenesis in mouse mammary tumorigenesis -- Feline leukaemia virus: generation of pathogenic and oncogenic variants -- Virus-host interactions and the pathogenesis of murine and human oncogenic retroviruses. 
650 2 |a Retroviridae. 
650 2 |a Oncogenes. 
650 2 |a Oncogenic Viruses. 
650 2 |a Mutagenesis, Insertional. 
700 1 |a Kung, H. J.  |q (Hsing-Jien) 
700 1 |a Vogt, P. K.  |q (Peter K.),  |d 1932- 
830 0 |a Current topics in microbiology and immunology ;  |v 171. 
999 |a MARS 
999 f f |s 2b6afdd6-3af4-3969-a2b7-3e9719807be4  |i 81f041af-7cae-3753-b7d2-41d86f229259  |t 0 
952 f f |p ric  |a Texas A&M University  |b Rellis Campus  |c Joint Library Facility  |d Remote Storage  |t 0  |e QW 504 C976 v.171 1991  |h National Library of Medicine classification  |i unmediated -- volume  |m 3238901097098 
998 f f |a QW 504 C976 v.171 1991  |t 0  |l Remote Storage